000 00578nam a2200205Ia 4500
003 OSt
005 20250310152329.0
008 210210b1982 xxu||||| |||| 00| 0 eng d
040 _cAL
041 _ahin
082 _aH891.109 SIMM
100 _aSIMH (Nilima):
_9205431
110 _bसिंह नीलिमा
_9205432
245 _aMeera ek antarang parichay:
_bमीरा एक अंतरंग परिचय
260 _aNayi Dilli
_bSarasvati Vihar
_c1982
300 _a138
690 _aHindi Criticism
_9205433
906 _aSG02976
942 _2ddc
_cBK
999 _c114116
_d114116